| 000 | 00878cab a22002055a 4500 | ||
|---|---|---|---|
| 001 | L152341 | ||
| 008 | 110223e20110129xxk 000 0 eng d | ||
| 035 | _a(Sirsi) u152341 | ||
| 041 | 0 | _aeng | |
| 110 | 2 |
_aEstates Gazette _9298 |
|
| 245 | 0 | 2 | _aA window of opportunity |
| 260 | _c2011 | ||
| 490 |
_aEstates Gazette _v(1104) 29 January 2011, 77-91(15) |
||
| 520 | _aIncludes market analysis on take up, supply, availability rates, asking rents and construction trends for various locations within London. Reports that growth in rental values is predicted to take over from capital value growth to become the main driver of performance in the London office market during 2011. | ||
| 590 | _aKA | ||
| 650 | 2 | 4 | _aESTATES GAZETTE LONDON OFFICES MARKET ANALYSIS |
| 651 | 4 | _aLondon | |
| 690 | _aPROPERTY-COMMERCIAL PROPERTY-OFFICE PROPERTY-OFFICE PROPERTY MARKET | ||
| 942 | _n0 | ||
| 999 |
_c82942 _d82942 |
||